| 000 | 00757nam a2200253Ia 4500 | ||
|---|---|---|---|
| 003 | OSt | ||
| 005 | 20220927105246.0 | ||
| 006 | a|||||r|||| 00| 0 | ||
| 007 | ta | ||
| 008 | 220926b |||||||| |||| 00| 0 eng d | ||
| 024 | _a192132 | ||
| 037 | _cReference Collections | ||
| 040 |
_aRTL _cRTL _beng |
||
| 041 |
_2eng _aeng |
||
| 082 | _a"Y:5.253s.P01, P1.6" | ||
| 110 |
_aCENSUS OF INDIA: 2001 _9371320 |
||
| 245 | 0 | _aUttranchal | |
| 260 |
_aUttranchal _bMOP _c2001 |
||
| 300 |
_a"ix, 68p" _ccm. |
||
| 490 | _vPC010296: Paper 2- Series 6. Rural Urban Distribution. Provisional Population Totals | ||
| 700 |
_aCENSUS OF INDIA: 2001 _9371321 |
||
| 942 |
_h"Y:5.253s.P01, P1.6" _cCC |
||
| 999 |
_c691537 _d691537 |
||